Nghệ thuật chỉ huy dàn nhạc và hợp xướng

Trình bày về: Kỹ thuật điều khiển tổng quát; Chỉ huy hợp xướng; Chỉ huy dàn nhạc

Na minha lista:
Detalhes bibliográficos
Autor principal: Nguyễn, Bách
Formato: Livro
Idioma:Undetermined
Publicado em: Tp. HCM Trẻ [2010]
Assuntos:
Acesso em linha:http://lrc.tdmu.edu.vn/opac/search/detail.asp?aID=2&ID=41668
Tags: Adicionar Tag
Sem tags, seja o primeiro a adicionar uma tag!
Thư viện lưu trữ: Trung tâm Học liệu Trường Đại học Thủ Dầu Một
LEADER 00789nam a2200205Ia 4500
001 TDMU_41668
008 210410s9999 xx 000 0 und d
082 |a 782.87 
090 |b NG527 
100 |a Nguyễn, Bách 
245 0 |a Nghệ thuật chỉ huy dàn nhạc và hợp xướng 
245 0 |c Nguyễn Bách 
260 |a Tp. HCM 
260 |b Trẻ 
260 |c [2010] 
300 |a 223tr. 
520 |a Trình bày về: Kỹ thuật điều khiển tổng quát; Chỉ huy hợp xướng; Chỉ huy dàn nhạc 
650 |a Âm nhạc  |x Chỉ huy dàn nhạc; Âm nhạc  |x Hợp xướng 
856 |u http://lrc.tdmu.edu.vn/opac/search/detail.asp?aID=2&ID=41668 
980 |a Trung tâm Học liệu Trường Đại học Thủ Dầu Một